|
|
แสดงรายละเอียดบรรณานุกรม |
|
|
Brief Record
: Get Marc (ISO 2709)
: E-mail record
: |
| LEADER 00000nama 2200000uu 4500 | |||
| 008 040531s2534 th m m a000 0 tha d | |||
| 020 974-610-413-6 | |||
| 041 tha | |||
| 050 JQ1745 ส747อม 2534 ล.2 | |||
| 100 มหาวิทยาลัยสุโขทัยธรรมาธิราช สาขาวิชานิติศาสตร์ | |||
| 245 เอกสารการสอนชุดวิชากฏหมายมหาชน หนว่ยที่ 8-15/สาขาวิชานิติศาสตร์ มหาวิทยาลัยสุโขทัยธรรมาธิราช 001 | |||
| 250 13 | |||
| 260 นนทบุรี มหาวิทยลาย 2534 | |||
| 300 1004 หน้า | |||
| 650 กฏหมายมหาชน กฏหมายปกครอง ไทยกฏหมายรัฐธรรมนูญ ไทยชื่อเรื่อง | |||
| 998 1999-01-22 | |||
| คุณยังไม่ได้ล็อกอิน คุณสามารถมีกิจกรรมร่วมกับเว็บไซต์ได้ แต่ต้องล็อกอินก่อน :: |
|
| สถานะ | |||||||||
| 1. | หนังสือทั่วไป | JQ1745 ส747อม 2534 ล.2 2534 | On Shelf ขอยืม | ||||||
| [แสดง 1/1 รายการ] | |||||||||
BibComment |
| คอมเมนท์ทรัพยากรรายการนี้ |
|
|